| 000 | 01157nam a2200301 4500 | ||
|---|---|---|---|
| 001 | 0000018963 | ||
| 003 | CO-CtgCURN | ||
| 005 | 20250331184732.0 | ||
| 007 | ta | ||
| 008 | 160627s2002 000 0 eng d | ||
| 020 | _a9706136118 | ||
| 040 |
_aCO-CtgCURN _bspa _ccoctgcurn |
||
| 082 | 0 |
_a517.38 _bB677e |
|
| 100 | 1 | _aBorrelli, Robert L. | |
| 245 | 1 | 0 |
_aEcuaciones diferenciales : _buna perspectiva de modelacion / _cRobert L. Borrelli , Courtney S. Coleman, traducción Yazmin Juarez Parra. |
| 260 |
_aMexico : _bOxford, _c2002. |
||
| 300 | _a828 p. | ||
| 336 | _2rdacontent | ||
| 337 |
_2rdamedia _asin mediacion _bn |
||
| 338 |
_2rdacarrier _avolumen _bnc |
||
| 500 | _aIncluye indice. | ||
| 505 | 8 | _aEcuaciones diferenciales de primer order y modelos.--Problemas de valor inicial y sus soluciones aproximadas.--Ecuaciones diferenciales de segundo orden.--Sistemas de ecuaciones diferenciales.--La transformada de Laplace | |
| 650 | 1 | 4 | _aTrasformaciones de Laplace. |
| 700 | 1 | _aColeman, Courtney S. | |
| 908 | _a160627 | ||
| 942 |
_cBK _h517.38 _iB677e _2ddc |
||
| 999 |
_c20839 _d20839 |
||